| 000 | 01248nam a2200349 i 4500 | ||
|---|---|---|---|
| 001 | 196836 | ||
| 003 | ES-MaACL | ||
| 005 | 20250901073804.0 | ||
| 008 | 241203s2010 sp a | |||| 000 0 spa | ||
| 015 | _aMON10 | ||
| 017 |
_aM 13764-2010 _bOficina Depósito Legal Madrid |
||
| 020 | _a9788403100954 | ||
| 035 | _a(OCoLC)868726886 | ||
| 035 | _a(SpMaBN)a4761907 | ||
| 040 |
_aSpMaBN _bspa _cSpMaBN _erdc |
||
| 080 | _a379.8 | ||
| 245 | 1 | 0 |
_aA vivir que son dos días / _cMontserrat Domínguez (editora). |
| 250 | _aPrimera Edición: mayo de 2010 | ||
| 260 |
_a[Madrid] : _bAguilar, _c2010. |
||
| 300 |
_a258 páginas : _bilustrado ; _c24 cm |
||
| 336 |
_2rdacontent _atexto |
||
| 337 |
_2rdamedia _asin mediación |
||
| 338 |
_2rdacarrier _avolumen |
||
| 650 | 7 |
_aTiempo libre _2embne _917533 |
|
| 650 | 7 |
_aRadio _2embne _9153758 |
|
| 700 | 1 |
_aDomínguez, Montserrat, _d1963- _9239413 _epbl |
|
| 852 |
_aES-MaACL _cDEPOJ _jN-10214 _hDonación: José Lázaro García _xEncuadernación rústica con solapas _9206339 |
||
| 942 |
_cMONOGRAFIA _n0 |
||
| 999 |
_c196836 _d196836 |
||